000 00618nam a22001577a 4500
003 OSt
005 20151104134754.0
008 151104b xxu||||| |||| 00| 0 eng d
040 _cRUA
082 _aFOR AM 1996 B123 Or.1
100 _93335
_aAM, CHANBORITH.
245 _aContribution of study on forest genetic resources in ratanakiri province, វិភាគទាននៃការសិក្សាអំពីធនធានសេនេទិចព្រៃឈើនៅក្នុងខេត្តរតនៈគិរី
260 _aPhnom Penh
_bRUA
_c1996
300 _a74p.
_bill.
_c29cm.
942 _2ddc
_cFOR
999 _c3111
_d3111